The Pochetto Coat / (Record no. 5404)

MARC details
000 -LEADER
fixed length control field 00945nam a22002777a 4500
001 - CONTROL NUMBER
control field 5404
003 - CONTROL NUMBER IDENTIFIER
control field FISKH
005 - DATE AND TIME OF LATEST TRANSACTION
control field 20241203113138.0
008 - FIXED-LENGTH DATA ELEMENTS--GENERAL INFORMATION
fixed length control field 241203b cb ||||| |||| 00| 0 eng d
020 ## - INTERNATIONAL STANDARD BOOK NUMBER
International Standard Book Number 0091308801
040 ## - CATALOGING SOURCE
Original cataloging agency FISKH
Language of cataloging eng
Transcribing agency FISKH
Modifying agency FISKH
082 ## - DEWEY DECIMAL CLASSIFICATION NUMBER
Classification number 823.3
100 ## - MAIN ENTRY--PERSONAL NAME
Personal name Greenwood , Ted
245 ## - TITLE STATEMENT
Title The Pochetto Coat /
Statement of responsibility, etc. by Ted Greenwood : illustrated by Ron Brooks
250 ## - EDITION STATEMENT
Edition statement First published 1978
260 ## - PUBLICATION, DISTRIBUTION, ETC.
Place of publication, distribution, etc. London :
Name of publisher, distributor, etc. Hutchinson Group ;
Date of publication, distribution, etc. 1978 .
300 ## - PHYSICAL DESCRIPTION
Extent 71 pages :
Other physical details illustrations ;
Dimensions 23 cm .
505 ## - FORMATTED CONTENTS NOTE
Formatted contents note S <br/>
520 ## - SUMMARY, ETC.
Summary, etc. Patrick, the latest in a long line of Pochettos, comes to work in the same circus as Sam, a lonely little girl who wants to be a clown and who loves to hear stories about the earlier Pochettos.
521 8# - TARGET AUDIENCE NOTE
Target audience note 790 <br/>
Source Lexile estimate <br/>
521 8# - TARGET AUDIENCE NOTE
Target audience note S <br/>
Source Raz-Plus <br/>
650 ## - SUBJECT ADDED ENTRY--TOPICAL TERM
Topical term or geographic name entry element Australian
Form subdivision Fiction
700 ## - ADDED ENTRY--PERSONAL NAME
Personal name Brooks, Ron
942 ## - ADDED ENTRY ELEMENTS (KOHA)
Source of classification or shelving scheme Dewey Decimal Classification
Koha item type Books
Suppress in OPAC No
Holdings
Withdrawn status Lost status Source of classification or shelving scheme Damaged status Not for loan Collection Home library Current library Shelving location Date acquired Total Checkouts Full call number Barcode Date last seen Date last checked out Price effective from Koha item type
    Dewey Decimal Classification     Fiction Footprints International School Library Network Toul Tom Poung Campus Footprints International School Library Network Toul Tom Poung Campus TTP Secondary Fiction Bookshelves 12/03/2024 1 BRO 823.3 FIS00891 11/19/2025 10/31/2025 12/03/2024 Books